Movies Quiz

Random Movies Quiz

What Movie? Female Killers (Slideshow) Quiz Stats

Quiz not verified by Sporcle

Also try: 25 Movie Brothers
Challenge
Share
Tweet
Score 0/32 Timer 08:00
0 Plays Today
% Correct
Kill Bill: Vol 1
94.6%
Carrie
92%
Kick-Ass
90%
X-Men
89.6%
Monster
84.8%
Basic Instinct
79.9%
Red
76.2%
The Ring
73.9%
Wanted
70.4%
Jennifer's Body
63.3%
Hanna
59.8%
Terminator 3: Rise of the Machines
58.4%
Sin City
55.6%
Interview with the Vampire
55.1%
Orphan
53.2%
Natural Born Killers
50.9%
% Correct
Friday the 13th
45.9%
Let the Right One In
43.4%
Audition
34.3%
The Hand That Rocks the Cradle
34.3%
Addams Family Values
33.2%
Goldeneye
32.9%
Nikita
30.4%
Species
25.6%
Serial Mom
25.2%
Urban Legend
18.2%
Stoker
17.9%
Transporter 2
16.3%
Smokin' Aces
16.1%
The Expendables 3
13.2%
May
8.9%
Inside
8.3%

You're not logged in!

Compare scores with friends on all Sporcle quizzes.
Sign Up with Email
OR
Log In

You Might Also Like...

Show Comments

Extras

Top Quizzes Today


Score Distribution

Your Account Isn't Verified!

In order to create a playlist on Sporcle, you need to verify the email address you used during registration. Go to your Sporcle Settings to finish the process.